000 00448nam a22001697a 4500
003 NUST - PNEC
005 20170116180853.0
008 150827b xxu||||| |||| 00| 0 eng d
020 _a-
040 _cLIBRARY
082 _a616.3623 AME
100 _95841
_aAmeen Tariq
245 _aYarkan aur hepatitis (Jaundice and hepatitis)
_cDr. Ameen Baig
260 _aKarachi
_bAhsasinfo,
_c2010
650 _95845
_aDiseases
_xGeneral
942 _2ddc
_cBK
999 _c64713
_d64713